000 02934cam a2200337 4500500
005 20260111082236.0
041 _afre
042 _adc
100 1 0 _aRandrianandrasana, Ianjatiana
_eauthor
245 0 0 _aLa réglementation des déchets et la lutte contre la progression du plastique à Madagascar
260 _c2020.
500 _a37
520 _aUn mouvement général de lutte contre le gaspillage des ressources s’observe actuellement. Madagascar n’est pas en reste. Afin d’accomplir l’objectif 12 des objectifs de développement durable (ODD), c’est-à-dire, établir un mode de consommation et de production durables, la question des déchets et celle de la pollution sont essentielles. Plusieurs textes ont été adoptés en droit malgache afin de transposer les différentes dispositions des conventions internationales en la matière. La question est mitigée quand il s’agit d’analyser les mesures qui ont été prises en interne, indépendamment de ces traités internationaux. En effet, si la pollution industrielle est saisie par le droit malgache, il n’en est pas de même pour les autres types déchets. Et plus particulièrement, à l’heure où la lutte contre la pollution plastique est d’actualité, l’analyse des mesures prises en la matière illustre une certaine régression des textes malgaches.
520 _aThere is a global movement against the waste of resources. Madagascar is part of this movement. In order to achieve goal 12 of the sustainable development objectives (SDOs), i.e. to establish a sustainable consumption and production pattern, the issue of waste and pollution are essential. Several texts have been adopted in Malagasy law in order to transpose the various provisions of international conventions on the subject. The question is mixed when it comes to analysing the measures that have been taken internally, independently of these international treaties. Indeed, while industrial pollution is covered by Malagasy law, the same is not true for other types of waste. And more particularly, at a time when the fight against plastic pollution is a topical issue, the analysis of the measures taken in this field illustrates a certain regression in Malagasy texts.
690 _adroit des déchets
690 _adroit malgache
690 _aéconomie circulaire
690 _alutte contre le gaspillage
690 _aODD
690 _apollution plastique
690 _aprincipe de non-régression
690 _acircular economy
690 _afight against waste
690 _aMalagasy law
690 _aplastic pollution
690 _aprinciple of non-regression
690 _aSDO
690 _awaste law
786 0 _nRevue juridique de l’environnement | Volume 45 | 3 | 2020-10-01 | p. 537-557 | 0397-0299
856 4 1 _uhttps://droit.cairn.info/revue-juridique-de-l-environnement-2020-3-page-537?lang=fr&redirect-ssocas=7080
999 _c1617163
_d1617163